| 000 | 00872cam a2200205 4500 | ||
|---|---|---|---|
| 001 | WB3631-15 | ||
| 008 | 000000n2000 000 0 eng u | ||
| 035 | _a(Sirsi) u107723 | ||
| 245 | _aExperts predict property showdown | ||
| 260 | _c2000 | ||
| 490 |
_aEstates Gazette _v(0031) 5 August 2000, 31(1) |
||
| 520 | _aThe Investment Property Forum's survey of 28 independent forecasters' downgrades previous forecasts of property performance. Table shows rental value growth, capital growth and total returns predicted by property advisers, fund managers, equity brokers and a general overall forecast. | ||
| 590 | _aWB | ||
| 650 | _aABOUT RICS-RELATED ORGANISATIONS-INVESTMENT PROPERTY FORUM | ||
| 650 | _aFORECASTS | ||
| 650 | _aINVESTMENT | ||
| 650 | _aGROWTH | ||
| 690 | _aPROPERTY-COMMERCIAL PROPERTY-COMMERCIAL PROPERTY FINANCE AND INVESTMENT | ||
| 942 | _n0 | ||
| 999 |
_c64346 _d64346 |
||